00335nam a2200109Ia 4500008004100000041001200041100002000053245008700073260004000160300000800200650001700208221030s9999 xx 000 0 und d aEnglish aN. V. Paranjape 4aThe Role of Directive Principles under the Indian Constitutioncby N. V. Paranjape bCentral Law AgencyaAllahabadc1975 a196 aConstitution